Catálogo
 En Linea

Santo Domingo y el Caribe : (Registro nro. 53077)

Detalles MARC
000 -CABECERA
campo de control de longitud fija 01345nam a2200277 a 4500
001 - NÚMERO DE CONTROL
campo de control 000021643
003 - IDENTIFICADOR DEL NÚMERO DE CONTROL
campo de control DO-SdBNP
005 - FECHA Y HORA DE LA ÚLTIMA TRANSACCIÓN
campo de control 20250912133545.0
007 - CAMPO FIJO DE DESCRIPCIÓN FÍSICA--INFORMACIÓN GENERAL
campo de control de longitud fija ta
008 - DATOS DE LONGITUD FIJA--INFORMACIÓN GENERAL
campo de control de longitud fija 100909s2011 dr 000 0 spa d
020 ## - NÚMERO INTERNACIONAL ESTÁNDAR DEL LIBRO
Número Internacional Estándar del Libro 97899454574087 (encuadernación de lujo)
040 ## - FUENTE DE LA CATALOGACIÓN
Centro catalogador/agencia de origen DO-SdBNP
Lengua de catalogación spa
Centro/agencia transcriptor BNPHU
082 ## - NÚMERO DE LA CLASIFICACIÓN DECIMAL DEWEY
Número de clasificación 972.93
Número de documento/Ítem H695s
Número de edición 22
100 1# - ENTRADA PRINCIPAL--NOMBRE DE PERSONA
Nombre de persona Hoetink, H.,
Fechas asociadas al nombre 1931-
9 (RLIN) 37205
245 10 - MENCIÓN DE TÍTULO
Título Santo Domingo y el Caribe :
Resto del título ensayos sobre cultura y sociedad /
Mención de responsabilidad, etc. Harry Hoetink ; prólogo Bernardo Vega.
250 ## - MENCIÓN DE EDICIÓN
Mención de edición 2a. ed.
260 ## - PUBLICACIÓN, DISTRIBUCIÓN, ETC.
Lugar de publicación, distribución, etc. Santo Domingo :
Nombre del editor, distribuidor, etc. Fundación Cultural Dominicana,
Fecha de publicación, distribución, etc. 2011.
300 ## - DESCRIPCIÓN FÍSICA
Extensión 211 p. ;
Dimensiones 23 cm.
505 ## - NOTA DE CONTENIDO CON FORMATO
Nota de contenido con formato Pequeño tríptico dominicano-holandés 13|Los americanos en Samaná 25|El Cibao: 1844-1900: su aportación a la formación social de la República 51|Escasez laboral e inmigración en la República Dominicana, 1875-1930 91|Ideología, intelectuales, identidad: la República Dominicana. 1880-1980. Algunas notas preliminares 113|Africa y el Caribe: los vínculos culturales 131|Raza y color en el Caribe 159|Datos sobre los artículos en este libro 203
590 ## - NOTA LOCAL (RLIN)
Nota local Inventariado, 2022 / DG
651 #0 - PUNTO DE ACCESO ADICIONAL DE MATERIA--NOMBRE GEOGRÁFICO
Nombre geográfico Caribe (Región)
Subdivisión general Civilización)
Fuente del encabezamiento o término LEMB
9 (RLIN) 87401
651 #0 - PUNTO DE ACCESO ADICIONAL DE MATERIA--NOMBRE GEOGRÁFICO
Nombre geográfico Caribe (Región)
Subdivisión general Historia
Fuente del encabezamiento o término LEMB
9 (RLIN) 87401
700 1# - PUNTO DE ACCESO ADICIONAL--NOMBRE DE PERSONA
Nombre de persona Vega, Bernardo,
Fechas asociadas al nombre 1938 -
Término indicativo de función/relación pról.
9 (RLIN) 3222
910 ## - DATOS DE OPCIÓN DEL USUARIO (OCLC)
Datos de opción del usuario DG
942 ## - ELEMENTOS DE PUNTO DE ACCESO ADICIONAL (KOHA)
Fuente del sistema de clasificación o colocación Dewey Decimal Classification
Tipo de ítem Koha Libro
Existencias
Estado de retiro Estado de pérdida Fuente del sistema de clasificación o colocación Restricciones de uso No para préstamo Código de colección Localización permanente Ubicación/localización actual Ubicación en estantería Fecha de adquisición Total de préstamos Signatura topográfica completa Código de barras Fecha visto por última vez Precio válido a partir de Tipo de ítem Koha
    Dewey Decimal Classification Excluido de préstamo   Patrimonio Dominicano Biblioteca Nacional Pedro Henríquez Ureña Biblioteca Nacional Pedro Henríquez Ureña En catalogación 06.12.2022   BNPHU PD 972.93 H695s 2022-5917 06.12.2022 06.12.2022 Libro

Con tecnología Koha